000 00528nam a2200181Ia 4500
008 090124s9999 xx 000 0 und d
082 _b121072
100 _aक्षेत्रमाडे सुमती
245 _a शततारका
250 _a1
260 _c1985
300 _a216
600 _aक्षेत्रमाडे सुमती
630 _a शततारका
700 _aक्षेत्रमाडे सुमती
730 _a शततारका
942 _cBOOK
999 _c167158
_d167158